Al arbitrio del mercado: reformas económicas y gobernabilidad en Centroamérica

Sin resumen

Đã lưu trong:
Chi tiết về thư mục
Tác giả chính: Sojo Obando, Carlos
Định dạng: Texto
Được phát hành: San José: FLACSO-Programa Costa Rica
Phiên bản:1
Các nhãn: Thêm thẻ
Không có thẻ, Là người đầu tiên thẻ bản ghi này!

MARC

LEADER 00000 a a2200000 04500
001 5921
003
040
090 |a 124300  
100 |a Sojo Obando, Carlos  
245 |a Al arbitrio del mercado: reformas económicas y gobernabilidad en Centroamérica  
250 |a 1  
260 |a San José:   |b FLACSO-Programa Costa Rica  
300 |a 174 p  
300 |b **no definido**   |b fonodiscos  
520 |a Sin resumen  
999 |c 8662  |d 8662